=LDR 00000nam 2200000 4500 =001 INLIS000000000063899 =005 20240724095045 =035 ##$$a 0010-0724000196 =007 ta =008 240724###########################0###### =020 ##$$a 978-623-8131-29-7 =082 ##$$a 371.39 =084 ##$$a 371.39 EDI m =100 #$$a Edi Pranoto =245 1#$$a Model Discovery Learning dan problemantika hasil belajar / Edi Pranoto ; Editor : Miskadi, M. Hidayat ; Penyunting : Muhamad Suhardi, Randi Pratama Murtikusuma /$c Edi Pranoto =260 ##$$a Praya :$b Pusat Pengembangan Pendidikan dan penelitian Indonesia,$c 2023 =300 ##$$a 70 Halaman : $b ilus ; $c 24 cm =650 #4$$a Metode pembelajaran =520 ##$$a Bibliografi : Halaman 63-68 =520 ##$$a Biografi : Halaman 70 =990 ##$$a 14681468 =990 ##$$a 142/53/2024